[Event "SRI-chB"]
[Site "Maharaga"]
[Date "2020.03.06"]
[Round "1.7"]
[White "Kurukulasuriya, Prasanna"]
[Black "Sathmina, SL Lalindu"]
[Result "1-0"]
[WhiteElo "2042"]
[BlackElo "1491"]
[PlyCount "163"]
[EventDate "2020.03.06"]
[EventType "swiss"]
[EventRounds "11"]
[EventCountry "SRI"]
[SourceTitle "CBM 195 Extra"]
[Source "ChessBase"]
[SourceDate "2020.05.31"]
[SourceVersion "1"]
[SourceVersionDate "2020.05.31"]
[SourceQuality "1"]

1. c4 Nf6 2. g3 e6 3. d4 d5 4. Nf3 Bb4+ 5. Bd2 Be7 6. Bg2 0-0 7. 0-0 Nbd7 8. Qc2 Ne4 9. Be3 c6 10. Nfd2 Nd6 11. f3 Nf5 12. Bf2 Bf6 13. e3 dxc4 14. Nxc4 c5 15. dxc5 Nxc5 16. Rd1 Qc7 17. e4 Ne7 18. e5 Bg5 19. f4 Bh6 20. Nc3 Bd7 21. Rac1 Na6 22. Qb3 Bc6 23. Nb5 Bxb5 24. Qxb5 Rad8 25. Nd6 Qd7 26. Qa5 f6 27. exf6 Rxf6 28. Nxb7 Qxd1+ 29. Rxd1 Rxd1+ 30. Bf1 Nb8 31. Qa4 Rd7 32. Nc5 Rd8 33. Bc4 Nd5 34. Qxa7 Nc6 35. Qa4 Nce7 36. Ne4 Rf5 37. Nc3 g5 38. Qa6 Kf7 39. Ne4 Nc8 40. fxg5 Bxg5 41. Nxg5+ Rxg5 42. b4 Nd6 43. Bc5 Ne4 44. Qb7+ Kg8 45. Qc6 Kf7 46. Bb3 h5 47. Qb7+ Kg8 48. Qa6 Kf7 49. Qa7+ Kg8 50. Be3 Rg7 51. Qd4 Nec3 52. Qe5 Re8 53. Bd4 Rh7 54. Bxc3 Nxc3 55. Qxc3 Rf7 56. Qe5 Rfe7 57. Qxh5 Rf8 58. Qg6+ Kh8 59. Qh6+ Kg8 60. Bxe6+ Rxe6 61. Qxe6+ Kg7 62. h4 Rf7 63. h5 Rf6 64. Qe7+ Rf7 65. Qe5+ Kh7 66. Kg2 Rg7 67. Qf5+ Kg8 68. g4 Kh8 69. Kh3 Rg8 70. a4 Rg7 71. a5 Rg8 72. a6 Re8 73. Kh4 Rg8 74. b5 Rg7 75. b6 Rg8 76. b7 Re8 77. a7 Rg8 78. g5 Re8 79. Qf6+ Kg8 80. b8R Rxb8 81. axb8R+ Kh7 82. Rh8# 1-0

[Event "SRI-chB"]
[Site "Colombo"]
[Date "2018.03.03"]
[Round "4"]
[White "Kurukulasuriya, Prasanna"]
[Black "Lahiru, NPG Sithija"]
[Result "1/2-1/2"]
[WhiteElo "2036"]
[BlackElo "1863"]
[PlyCount "23"]
[EventDate "2018.03.01"]
[EventType "swiss"]
[EventRounds "10"]
[EventCountry "SRI"]
[SourceTitle "EXT 2019"]
[Source "ChessBase"]
[SourceDate "2018.10.10"]
[SourceVersion "1"]
[SourceVersionDate "2018.10.10"]
[SourceQuality "1"]

1. e4 d5 2. exd5 Qxd5 3. Nc3 Qd8 4. d4 Nf6 5. Nf3 Bg4 6. h3 Bxf3 7. Qxf3 c6 8. Be3 e6 9. 0-0-0 Bb4 10. Ne4 Nxe4 11. Qxe4 Qd5 12. Qxd5 1/2-1/2

[Event "SRI-ch"]
[Site "Colombo"]
[Date "2017.08.13"]
[Round "6"]
[White "Alahakoon, Isuru"]
[Black "Kurukulasuriya, Prasanna"]
[Result "1-0"]
[WhiteElo "2059"]
[BlackElo "2022"]
[PlyCount "50"]
[EventDate "2017.08.10"]
[EventType "tourn"]
[EventRounds "13"]
[EventCountry "SRI"]
[SourceTitle "CBM 180 Extra"]
[Source "ChessBase"]
[SourceDate "2017.10.06"]
[SourceVersion "1"]
[SourceVersionDate "2017.10.06"]
[SourceQuality "1"]

1. d4 d6 2. Nf3 Nf6 3. Bf4 g6 4. Nc3 Bg7 5. Qd2 c6 6. e4 Bg4 7. 0-0-0 b5 8. h3 b4 9. hxg4 bxc3 10. Qxc3 Nxe4 11. Qe3 Nf6 12. Bc4 d5 13. Bd3 Nxg4 14. Qe2 Nd7 15. Ng5 Ngf6 16. Rde1 Nb6 17. Rxh7 Rxh7 18. Nxf7 Qd7 19. Bxg6 Kf8 20. Ne5 Qd6 21. Bxh7 Nxh7 22. Qh5 Kg8 23. Rh1 Nf8 24. Rh3 Nc4 25. Rg3 Nd7 1-0

[Event "SRI-ch"]
[Site "Colombo"]
[Date "2017.08.12"]
[Round "5"]
[White "Kurukulasuriya, Prasanna"]
[Black "Doluweera, Minul Sanjula"]
[Result "1/2-1/2"]
[WhiteElo "2022"]
[BlackElo "2108"]
[PlyCount "22"]
[EventDate "2017.08.10"]
[EventType "tourn"]
[EventRounds "13"]
[EventCountry "SRI"]
[SourceTitle "CBM 180 Extra"]
[Source "ChessBase"]
[SourceDate "2017.10.06"]
[SourceVersion "1"]
[SourceVersionDate "2017.10.06"]
[SourceQuality "1"]

1. Nf3 d5 2. c4 dxc4 3. e4 c5 4. Bxc4 Nc6 5. 0-0 e6 6. Nc3 a6 7. Re1 Nge7 8. d3 Ng6 9. e5 Be7 10. a4 b6 11. h4 Bxh4 1/2-1/2

[Event "SRI-chB"]
[Site "Narahenpita"]
[Date "2017.05.13"]
[Round "2"]
[White "Anojman, S."]
[Black "Kurukulasuriya, Prasanna"]
[Result "1/2-1/2"]
[WhiteElo "1761"]
[BlackElo "2005"]
[PlyCount "35"]
[EventDate "2017.05.12"]
[EventType "swiss"]
[EventRounds "10"]
[EventCountry "SRI"]
[SourceTitle "CBM 178 Extra"]
[Source "ChessBase"]
[SourceDate "2017.06.22"]
[SourceVersion "1"]
[SourceVersionDate "2017.06.22"]
[SourceQuality "1"]

1. d4 Nf6 2. Nf3 g6 3. Nc3 d5 4. Bf4 Bg7 5. e3 0-0 6. Be2 c5 7. Qd2 Nc6 8. Ne5 Qa5 9. h4 h5 10. f3 Be6 11. Nb5 Qxd2+ 12. Kxd2 cxd4 13. exd4 Rfc8 14. Nxc6 Rxc6 15. c3 Ne8 16. a4 a6 17. Na3 Nd6 18. b3 1/2-1/2

[Event "SRI-ch"]
[Site "Colombo"]
[Date "2016.06.06"]
[Round "13"]
[White "Kurukulasuriya, Prasanna"]
[Black "Kavinda, Akila"]
[Result "1/2-1/2"]
[WhiteElo "2032"]
[BlackElo "1986"]
[PlyCount "70"]
[EventDate "2016.05.27"]
[EventType "tourn"]
[EventRounds "13"]
[EventCountry "SRI"]
[SourceTitle "CBM 172 Extra"]
[Source "ChessBase"]
[SourceDate "2016.06.21"]
[SourceVersion "1"]
[SourceVersionDate "2016.06.21"]
[SourceQuality "1"]

1. e4 c5 2. Nf3 a6 3. c3 d5 4. exd5 Qxd5 5. d4 Nf6 6. Be3 cxd4 7. cxd4 e6 8. Nc3 Qd8 9. Bc4 b5 10. Bb3 Bb7 11. 0-0 Be7 12. Qe2 0-0 13. Rad1 Nd5 14. Ne5 Nxc3 15. bxc3 Bd5 16. c4 bxc4 17. Bxc4 f6 18. Nf3 Nc6 19. Rc1 a5 20. a4 Nb4 21. Nd2 Rc8 22. Nb3 Qd7 23. Bb5 Qb7 24. Nxa5 Qa8 25. Nc4 Bxg2 26. Qg4 Bxf1 27. Qxe6+ Kh8 28. Rxf1 Nd5 29. Bd2 Nc7 30. Qxe7 Nxb5 31. Nb6 Qf3 32. Nxc8 Qg4+ 33. Kh1 Qf3+ 34. Kg1 Qg4+ 35. Kh1 Qf3+ 1/2-1/2

[Event "SRI-ch"]
[Site "Colombo"]
[Date "2016.06.05"]
[Round "11"]
[White "Kurukulasuriya, Prasanna"]
[Black "De Silva, Elath Mathanga"]
[Result "0-1"]
[WhiteElo "2032"]
[BlackElo "1958"]
[PlyCount "70"]
[EventDate "2016.05.27"]
[EventType "tourn"]
[EventRounds "13"]
[EventCountry "SRI"]
[SourceTitle "CBM 172 Extra"]
[Source "ChessBase"]
[SourceDate "2016.06.21"]
[SourceVersion "1"]
[SourceVersionDate "2016.06.21"]
[SourceQuality "1"]

1. e4 c5 2. Nf3 g6 3. d4 cxd4 4. Nxd4 Nf6 5. Nc3 d6 6. Be3 Bg7 7. f3 a6 8. Qd2 h6 9. Be2 Nc6 10. 0-0 Bd7 11. Kh1 Rc8 12. Nxc6 Bxc6 13. Nd5 Bxd5 14. exd5 Qd7 15. c4 h5 16. Rac1 h4 17. Rfe1 Nh5 18. Bd3 Bf6 19. Bb1 Kf8 20. Bd4 Kg7 21. Rc3 b5 22. cxb5 Rxc3 23. Bxc3 axb5 24. Bd3 Qa7 25. Qe3 Qxa2 26. Bxb5 Qxd5 27. Bd7 Bxc3 28. Qxc3+ e5 29. Ba4 Rb8 30. Bc2 Nf4 31. Re4 Rxb2 32. g3 Qa2 33. gxf4 Rxc2 34. Qe1 Rxh2+ 35. Kg1 Qg2# 0-1

[Event "SRI-ch"]
[Site "Colombo"]
[Date "2016.06.05"]
[Round "12"]
[White "Lamawansa, Yasas"]
[Black "Kurukulasuriya, Prasanna"]
[Result "1-0"]
[WhiteElo "2012"]
[BlackElo "2032"]
[PlyCount "87"]
[EventDate "2016.05.27"]
[EventType "tourn"]
[EventRounds "13"]
[EventCountry "SRI"]
[SourceTitle "CBM 172 Extra"]
[Source "ChessBase"]
[SourceDate "2016.06.21"]
[SourceVersion "1"]
[SourceVersionDate "2016.06.21"]
[SourceQuality "1"]

1. d4 Nf6 2. c4 g6 3. Nc3 Bg7 4. e4 d6 5. Bd3 0-0 6. Nge2 e5 7. d5 a5 8. 0-0 Na6 9. f3 Nh5 10. Be3 f5 11. exf5 gxf5 12. f4 b6 13. Qd2 Nc5 14. Bc2 Bd7 15. Kh1 Qh4 16. g3 Qe7 17. Rae1 e4 18. b3 Nf6 19. h3 Be8 20. Nd4 Qd7 21. a3 Kh8 22. b4 axb4 23. axb4 Nd3 24. Bxd3 exd3 25. Ne6 Nh5 26. Rg1 Rf6 27. Qxd3 Ra3 28. Bd4 Rg6 29. Re3 Bxd4 30. Qxd4+ Kg8 31. g4 Ng7 32. Nxg7 Rxg7 33. gxf5 Rxg1+ 34. Kxg1 c5 35. dxc6 Qxc6 36. Rg3+ Bg6 37. fxg6 Ra1+ 38. Kf2 h5 39. Qd5+ Qxd5 40. Nxd5 h4 41. Rg4 b5 42. g7 Ra2+ 43. Ke3 Ra3+ 44. Ke4 1-0

[Event "SRI-ch"]
[Site "Colombo"]
[Date "2016.05.29"]
[Round "5"]
[White "Kurukulasuriya, Prasanna"]
[Black "Thilakarathne, GM Harshana"]
[Result "1/2-1/2"]
[WhiteElo "2032"]
[BlackElo "1974"]
[PlyCount "44"]
[EventDate "2016.05.27"]
[EventType "tourn"]
[EventRounds "13"]
[EventCountry "SRI"]
[SourceTitle "CBM 172 Extra"]
[Source "ChessBase"]
[SourceDate "2016.06.21"]
[SourceVersion "1"]
[SourceVersionDate "2016.06.21"]
[SourceQuality "1"]

1. e4 c5 2. Nf3 d6 3. d4 cxd4 4. Nxd4 Nf6 5. f3 a6 6. c4 e6 7. Nc3 Qc7 8. Be3 Nbd7 9. Qd2 b6 10. Rc1 Bb7 11. Be2 Be7 12. 0-0 0-0 13. Rfd1 Rfe8 14. Bf1 Rac8 15. Qf2 Qb8 16. Nb3 Bd8 17. Kh1 Bc7 18. g3 h5 19. Bg5 Nh7 20. Be3 Nhf6 21. Bg5 Nh7 22. Be3 Nhf6 1/2-1/2

[Event "SRI-ch"]
[Site "Colombo"]
[Date "2016.05.27"]
[Round "2"]
[White "Randil, Lakshita"]
[Black "Kurukulasuriya, Prasanna"]
[Result "1/2-1/2"]
[WhiteElo "1925"]
[BlackElo "2032"]
[PlyCount "110"]
[EventDate "2016.05.27"]
[EventType "tourn"]
[EventRounds "13"]
[EventCountry "SRI"]
[SourceTitle "CBM 172 Extra"]
[Source "ChessBase"]
[SourceDate "2016.06.21"]
[SourceVersion "1"]
[SourceVersionDate "2016.06.21"]
[SourceQuality "1"]

1. d4 Nf6 2. c4 g6 3. Nf3 Bg7 4. g3 0-0 5. Bg2 d6 6. 0-0 Nbd7 7. Qc2 e5 8. Rd1 exd4 9. Nxd4 Re8 10. Nc3 a5 11. e4 Nc5 12. f3 Nfd7 13. b3 Nf8 14. Be3 Bd7 15. Bf2 Qc8 16. Nd5 Qd8 17. Rac1 c6 18. Nc3 Qc7 19. h3 Rad8 20. f4 Bc8 21. Nde2 f5 22. Bxc5 dxc5 23. e5 Ne6 24. Rxd8 Rxd8 25. Rd1 Bf8 26. Rxd8 Qxd8 27. Qd1 Qc7 28. Qd3 Kh8 29. Bf3 Be7 30. Nd1 Qb6 31. Ne3 Nd4 32. Nxd4 cxd4 33. Nc2 Be6 34. Kh2 c5 35. Bd5 a4 36. Ne1 Bc8 37. Qc2 axb3 38. axb3 g5 39. Qa2 Be6 40. Qa8+ Kg7 41. Qxb7 Qxb7 42. Bxb7 gxf4 43. gxf4 Kf8 44. Bc6 Bf7 45. Bd7 Bg6 46. Nd3 Kf7 47. Kg2 Bf8 48. Kf1 Ke7 49. Bc8 Kd8 50. Be6 Kc7 51. Ke2 Be7 52. Kd2 Kb6 53. Bd7 Kc7 54. Be6 Kb6 55. Bd7 Kc7 1/2-1/2

[Event "SRI-ch"]
[Site "Malabe"]
[Date "2015.07.10"]
[Round "8"]
[White "Doluweera, Minul Sanjula"]
[Black "Kurukulasuriya, Prasanna"]
[Result "1/2-1/2"]
[WhiteElo "2042"]
[BlackElo "2084"]
[PlyCount "63"]
[EventDate "2015.07.04"]
[EventType "tourn"]
[EventRounds "13"]
[EventCountry "SRI"]
[SourceTitle "CBM 167 Extra"]
[Source "ChessBase"]
[SourceDate "2015.09.14"]
[SourceVersion "1"]
[SourceVersionDate "2015.09.14"]
[SourceQuality "1"]

1. c4 g6 2. Nc3 Bg7 3. d4 d6 4. Nf3 Nf6 5. e3 0-0 6. Be2 Nbd7 7. 0-0 e5 8. b4 Re8 9. a4 Nf8 10. a5 a6 11. b5 e4 12. Nd2 h5 13. bxa6 bxa6 14. Ba3 N8h7 15. c5 d5 16. c6 Bh6 17. Nb3 Ng4 18. Qe1 Re6 19. Nc5 Rxc6 20. Bd1 Bf8 21. f3 exf3 22. Bxf3 Nhf6 23. h3 Nh6 24. e4 Be6 25. Nxe6 Rxe6 26. Bxf8 Qxf8 27. e5 c6 28. Qd2 Nd7 29. Nxd5 cxd5 30. Bxd5 Rae8 31. Bxe6 Rxe6 32. Rac1 1/2-1/2

[Event "SRI-ch"]
[Site "Malabe"]
[Date "2015.07.06"]
[Round "6"]
[White "Thilakarathne, GM Harshana"]
[Black "Kurukulasuriya, Prasanna"]
[Result "0-1"]
[WhiteElo "1972"]
[BlackElo "2084"]
[PlyCount "144"]
[EventDate "2015.07.04"]
[EventType "tourn"]
[EventRounds "13"]
[EventCountry "SRI"]
[SourceTitle "CBM 167 Extra"]
[Source "ChessBase"]
[SourceDate "2015.09.14"]
[SourceVersion "1"]
[SourceVersionDate "2015.09.14"]
[SourceQuality "1"]

1. e4 c5 2. Nf3 d6 3. d4 cxd4 4. Nxd4 Nf6 5. Nc3 a6 6. h3 e6 7. g4 Be7 8. g5 Nfd7 9. h4 b5 10. Be3 Bb7 11. Bg2 Nb6 12. Rh3 N8d7 13. a3 Rc8 14. Kf1 Nc5 15. Nde2 Nba4 16. Nxa4 Nxa4 17. b3 Nc5 18. Ng3 0-0 19. Qd2 Qc7 20. h5 Nd7 21. Rc1 Rfd8 22. Bd4 Nc5 23. Bb2 d5 24. g6 Nxe4 25. gxf7+ Kxf7 26. Nxe4 dxe4 27. Qe3 Qc5 28. Rg3 Bf6 29. Qf4 Qf5 30. Qxf5 exf5 31. Bxf6 Kxf6 32. c4 Rc5 33. Rgc3 Re8 34. Ke1 a5 35. Bf1 b4 36. axb4 axb4 37. R3c2 Ra8 38. Rd2 Bc6 39. Be2 Ra3 40. Bd1 Ra6 41. Rcc2 Ke5 42. Ra2 Rca5 43. Rxa5+ Rxa5 44. Rd8 Ra7 45. Rb8 Rb7 46. Rc8 Bd7 47. Rh8 h6 48. Rg8 Be6 49. Re8 Kf6 50. Kd2 f4 51. Bc2 Rd7+ 52. Ke1 e3 53. fxe3 fxe3 54. Bg6 Rd2 55. Rf8+ Ke5 56. Re8 Kf6 57. Rf8+ Ke5 58. Re8 Kf6 59. Rf8+ Kg5 60. Rf3 Bg4 61. Rxe3 Rd1+ 62. Kf2 Rd2+ 63. Ke1 Rb2 64. Be8 Kf4 65. Re7 Rxb3 66. Rxg7 Re3+ 67. Kd2 Rxe8 68. Rb7 Rd8+ 69. Ke1 Bxh5 70. Rxb4 Bf3 71. c5+ Ke5 72. Rb6 h5 0-1

[Event "Colombo Grand Prix"]
[Site "Colombo"]
[Date "2014.11.23"]
[Round "5"]
[White "Kurukulasuriya, Prasanna"]
[Black "Ranasinghe, Sachini D"]
[Result "1/2-1/2"]
[WhiteElo "2063"]
[BlackElo "1866"]
[PlyCount "93"]
[EventDate "2014.11.21"]
[EventType "tourn"]
[EventRounds "11"]
[EventCountry "SRI"]
[SourceTitle "CBM 163 Extra"]
[Source "ChessBase"]
[SourceDate "2014.12.23"]
[SourceVersion "1"]
[SourceVersionDate "2014.12.23"]
[SourceQuality "1"]

1. e4 c5 2. Nf3 Nc6 3. d4 cxd4 4. Nxd4 Nf6 5. Nc3 e5 6. Ndb5 d6 7. Bg5 a6 8. Na3 b5 9. Nd5 Be7 10. Bxf6 Bxf6 11. c3 Be6 12. Nc2 Bxd5 13. exd5 Ne7 14. a4 0-0 15. axb5 axb5 16. Rxa8 Qxa8 17. Nb4 Rb8 18. h4 Qa4 19. Bd3 Qxd1+ 20. Kxd1 g6 21. Ke2 Nc8 22. g3 Kg7 23. Ra1 Nb6 24. Ra5 e4 25. Bxb5 Nxd5 26. Nxd5 Bd8 27. Ra6 Rxb5 28. Rxd6 Rxb2+ 29. Ke3 Ba5 30. Ra6 Bd8 31. Ra8 Bf6 32. Re8 Rc2 33. Nxf6 Kxf6 34. Kd4 Rxf2 35. Rxe4 Rf3 36. Rf4+ Rxf4+ 37. gxf4 Ke6 38. c4 Kd6 39. c5+ Ke6 40. Ke4 f6 41. Kd4 h6 42. Ke4 g5 43. fxg5 fxg5 44. hxg5 hxg5 45. Kf3 Kd5 46. Kg4 Kxc5 47. Kxg5 1/2-1/2

[Event "Colombo Grand Prix"]
[Site "Colombo"]
[Date "2014.11.22"]
[Round "3"]
[White "Kurukulasuriya, Prasanna"]
[Black "Priyankara, Chamil Y"]
[Result "1-0"]
[WhiteElo "2063"]
[BlackElo "1952"]
[PlyCount "83"]
[EventDate "2014.11.21"]
[EventType "tourn"]
[EventRounds "11"]
[EventCountry "SRI"]
[SourceTitle "CBM 163 Extra"]
[Source "ChessBase"]
[SourceDate "2014.12.23"]
[SourceVersion "1"]
[SourceVersionDate "2014.12.23"]
[SourceQuality "1"]

1. e4 c5 2. Nf3 d6 3. d4 cxd4 4. Nxd4 Nf6 5. Nc3 a6 6. f3 e5 7. Nb3 Be6 8. Be3 Be7 9. Qd2 Nbd7 10. g4 Rc8 11. g5 Nh5 12. 0-0-0 Qc7 13. Kb1 0-0 14. Rg1 b5 15. Nd5 Bxd5 16. exd5 b4 17. Bxa6 Ra8 18. Bb5 Rab8 19. Bd3 Nb6 20. Rg4 Nxd5 21. Bxh7+ Kxh7 22. Qxd5 Qb7 23. Qd3+ g6 24. Bc1 f5 25. gxf6 Rxf6 26. Rdg1 Qxf3 27. Qxf3 Rxf3 28. Rxg6 Bf8 29. Nd2 Rf6 30. R6g5 Nf4 31. Ne4 Rh6 32. Bxf4 exf4 33. R5g4 Rb7 34. Rxf4 Rg7 35. Rgf1 Be7 36. h4 Bxh4 37. b3 Be7 38. Nf6+ Rxf6 39. Rxf6 Bxf6 40. Rxf6 Rd7 41. Rf4 Rb7 42. Rg4 1-0

[Event "Olympiad-41"]
[Site "Tromsoe"]
[Date "2014.08.10"]
[Round "8.1"]
[White "Nyback, Tomi"]
[Black "Kurukulasuriya, Prasanna"]
[Result "1-0"]
[WhiteElo "2591"]
[BlackElo "2063"]
[PlyCount "77"]
[EventDate "2014.08.02"]
[EventType "team-swiss"]
[EventRounds "11"]
[EventCountry "NOR"]
[SourceTitle "CBM 162"]
[Source "ChessBase"]
[SourceDate "2014.09.17"]
[SourceVersion "1"]
[SourceVersionDate "2014.09.17"]
[SourceQuality "1"]
[WhiteTeam "Finland"]
[BlackTeam "Sri Lanka"]
[WhiteTeamCountry "FIN"]
[BlackTeamCountry "SRI"]

1. d4 Nf6 2. c4 g6 3. Nc3 Bg7 4. e4 d6 5. Nf3 0-0 6. Be2 e5 7. Be3 Ng4 8. Bg5 f6 9. Bh4 g5 10. Bg3 Nh6 11. c5 g4 12. Nh4 Nc6 13. cxd6 Nxd4 14. dxc7 Qxc7 15. Qxd4 exd4 16. Bxc7 dxc3 17. Bc4+ Kh8 18. bxc3 Bd7 19. Bd5 Rac8 20. Bd6 Rfd8 21. Bxb7 Rxc3 22. 0-0 Bc8 23. Bb4 Rc2 24. Bd5 f5 25. Rad1 Bf6 26. Bb3 Rxd1 27. Rxd1 Rc7 28. Ba5 Rd7 29. Rc1 Bb7 30. Nxf5 Nxf5 31. exf5 Be4 32. Be6 Rd3 33. Bb4 Bd4 34. Kf1 Bb2 35. Rc8+ Kg7 36. Be7 Bc3 37. Rg8+ Kh6 38. Bg5+ Kh5 39. Bf7# 1-0

[Event "Olympiad-41"]
[Site "Tromsoe"]
[Date "2014.08.06"]
[Round "5.1"]
[White "Kurukulasuriya, Prasanna"]
[Black "Iturrizaga Bonelli, Eduardo"]
[Result "0-1"]
[WhiteElo "2063"]
[BlackElo "2653"]
[PlyCount "90"]
[EventDate "2014.08.02"]
[EventType "team-swiss"]
[EventRounds "11"]
[EventCountry "NOR"]
[SourceTitle "CBM 162"]
[Source "ChessBase"]
[SourceDate "2014.09.17"]
[SourceVersion "1"]
[SourceVersionDate "2014.09.17"]
[SourceQuality "1"]
[WhiteTeam "Sri Lanka"]
[BlackTeam "Venezuela"]
[WhiteTeamCountry "SRI"]
[BlackTeamCountry "VEN"]

1. e4 c5 2. Nf3 g6 3. d4 cxd4 4. Nxd4 Nc6 5. c4 Nf6 6. Nc3 d6 7. Be2 Nxd4 8. Qxd4 Bg7 9. Be3 0-0 10. Qd2 Be6 11. Rc1 a5 12. f3 a4 13. 0-0 Nd7 14. Rfd1 Nc5 15. Bf1 Qb6 16. Rc2 Rfc8 17. Nb5 Qd8 18. Nd4 Bd7 19. Rcc1 h5 20. Rb1 Kh7 21. Bg5 Bxd4+ 22. Qxd4 Ne6 23. Qd2 Nxg5 24. Qxg5 Be6 25. b3 axb3 26. axb3 Ra2 27. c5 Qc7 28. cxd6 exd6 29. Kh1 Qc2 30. Rdc1 Qf2 31. Rxc8 Bxc8 32. Bc4 Bg4 33. Rg1 Bxf3 34. Bxf7 Bxe4 35. Bd5 Re2 36. Qe7+ Kh6 37. Bxe4 Re1 38. Qf8+ Qxf8 39. Rxe1 Qe8 40. Re2 Qb5 41. Re1 Qe5 42. g4 d5 43. g5+ Kg7 44. Kg2 dxe4 45. b4 Qxg5+ 0-1

[Event "Asia-chT 18th"]
[Site "Tabriz"]
[Date "2014.05.28"]
[Round "8.2"]
[White "Kurukulasuriya, Prasanna"]
[Black "Nguyen, Duc Hoa"]
[Result "1/2-1/2"]
[WhiteElo "2073"]
[BlackElo "2498"]
[PlyCount "96"]
[EventDate "2014.05.22"]
[EventType "team-tourn"]
[EventRounds "9"]
[EventCountry "IRI"]
[SourceTitle "CBM 160 Extra"]
[Source "ChessBase"]
[SourceDate "2014.07.01"]
[SourceVersion "1"]
[SourceVersionDate "2014.07.01"]
[SourceQuality "1"]
[WhiteTeam "Sri Lanka"]
[BlackTeam "Vietnam"]
[WhiteTeamCountry "SRI"]
[BlackTeamCountry "VIE"]

1. e4 c5 2. Nf3 Nc6 3. d4 cxd4 4. Nxd4 Qb6 5. Nb3 Nf6 6. Nc3 e6 7. Qe2 Bb4 8. Bd2 0-0 9. a3 Be7 10. 0-0-0 a6 11. h3 d5 12. Be3 Qc7 13. exd5 Nxd5 14. Nxd5 exd5 15. g4 Be6 16. Bg2 Rfd8 17. Kb1 Bf6 18. Nd4 Nxd4 19. Bxd4 Qf4 20. Qd2 Qxd2 21. Rxd2 Bg5 22. Be3 Bxe3 23. fxe3 Rd7 24. Rhd1 Rad8 25. Rd4 g5 26. c4 dxc4 27. Rxd7 Rxd7 28. Rxd7 Bxd7 29. Bxb7 a5 30. Kc2 h5 31. Bf3 hxg4 32. hxg4 Kg7 33. Kc3 Be6 34. Kd4 Kf6 35. e4 Ke7 36. e5 f6 37. exf6+ Kxf6 38. Be2 Bc8 39. Bf3 Be6 40. Be2 Bc8 41. Bd1 Be6 42. Bf3 Ke7 43. Ke5 Bd7 44. Bd1 Be6 45. Be2 Bc8 46. Bf3 Be6 47. Be2 Bd7 48. Bf3 Be6 1/2-1/2

[Event "Asia-chT 18th"]
[Site "Tabriz"]
[Date "2014.05.25"]
[Round "5.5"]
[White "Kurukulasuriya, Prasanna"]
[Black "Ahmad, Al Khatib"]
[Result "0-1"]
[WhiteElo "2073"]
[BlackElo "2098"]
[PlyCount "104"]
[EventDate "2014.05.22"]
[EventType "team-tourn"]
[EventRounds "9"]
[EventCountry "IRI"]
[SourceTitle "CBM 160 Extra"]
[Source "ChessBase"]
[SourceDate "2014.07.01"]
[SourceVersion "1"]
[SourceVersionDate "2014.07.01"]
[SourceQuality "1"]
[WhiteTeam "Sri Lanka"]
[BlackTeam "Jordan"]
[WhiteTeamCountry "SRI"]
[BlackTeamCountry "JOR"]

1. Nf3 Nf6 2. d4 g6 3. c4 Bg7 4. Nc3 0-0 5. e4 d6 6. Be2 e5 7. d5 a5 8. Bg5 h6 9. Bh4 Na6 10. Nd2 Qe8 11. 0-0 Bd7 12. b3 Nh7 13. a3 f5 14. f3 g5 15. Bf2 f4 16. Rb1 h5 17. b4 axb4 18. axb4 Qg6 19. c5 g4 20. c6 bxc6 21. dxc6 Be6 22. Bc4 Bxc4 23. Nxc4 gxf3 24. Qxf3 Ng5 25. Qd3 f3 26. g3 h4 27. Kh1 Nh3 28. Qc2 Bh6 29. Rg1 Nxg1 30. Rxg1 Kh7 31. Nd5 Rf7 32. b5 Nc5 33. Bxc5 hxg3 34. Rxg3 Ra1+ 35. Bg1 f2 36. Rxg6 Kxg6 37. Qxf2 Rxf2 38. b6 Rff1 39. Kg2 Rxg1+ 40. Kf2 Rgf1+ 41. Ke2 Rae1+ 42. Kd3 Rf3+ 43. Kc2 Rc1+ 44. Kb2 Rxc4 45. b7 Rxe4 46. b8Q Re2+ 47. Ka1 Rf1+ 48. Qb1+ Rxb1+ 49. Kxb1 Rf2 50. Nxc7 e4 51. Ne6 e3 52. Nd4 e2 0-1